№ 2; Измерительная техника

Bibliographische Detailangaben
Parent link:Измерительная техника=Measurement Techniques: научно-технический журнал/ Российская Федерация, Федеральное агентство по техническому регулированию и метрологии (Ростехрегулирование) (Госстандарт России). № 2.— , 1940-1941, 1955-
Sprache:Russisch
Veröffentlicht: 2013
Format: MixedMaterials Buch
KOHA link:https://koha.lib.tpu.ru/cgi-bin/koha/opac-detail.pl?biblionumber=502776

MARC

LEADER 00000nam2a2200000 4500
001 502776
005 20231101102432.0
035 |a (RuTPU)RU\TPU\prd\173366 
090 |a 502776 
100 |a 20130402a19399999k y0rusy50 ca 
101 0 |a rus 
102 |a RU 
200 0 |a № 2 
210 |d 2013 
461 1 |0 (RuTPU)RU\TPU\prd\1509  |t Измерительная техника  |l Measurement Techniques  |o научно-технический журнал  |f Российская Федерация, Федеральное агентство по техническому регулированию и метрологии (Ростехрегулирование) (Госстандарт России)  |v № 2  |d 1940-1941, 1955- 
801 0 |a RU  |b 63413507  |c 20010227  |g PSBO 
801 1 |a RU  |b 63413507  |c 20130402 
801 2 |a RU  |b 63413507  |c 20230505  |g RCR 
942 |c BK 
999 |a НТБ_ТПУ  |b НФ  |e -1/20130109  |p П-5332  |s 5/20121010  |u 0,00  |v 1